000 00830nam a22002297a 4500
003 UA-OsUOA
001 40072
007 ta
008 20060711b un ||||| |||| 00| 0 ukr d
100 _aБишевець Н.
700 _aСергієнко К.
090 _a79
_bБ67
942 _cSA
040 _aUA-OsUOA
_bukr
_cUA-OsUOA
_dUA-OsUOA
245 _aОснови проектування технологічних інновацій у вищих навчальних закладах фізкультурного профілю
300 _aС.79
955 _a0
041 _aukr
080 _a79
773 0 _w40071
_tТеорія і методика фізичного виховання і спорту
_dК.
_d2006
_g1
650 7 _a79 Видовищні мистецтва. Розваги. Ігри. Спорт
_2UDC
999 _c326213
_d326213